BUBT Library Online Catalog

Law and Practice of Bangladesh Income Tax (Record no. 3286)

000 -LEADER
fixed length control field 00617nam a2200229Ia 4500
003 - CONTROL NUMBER IDENTIFIER
control field BUBTL
008 - FIXED-LENGTH DATA ELEMENTS--GENERAL INFORMATION
fixed length control field 151213s9999 xx 000 0 und d
020 ## - INTERNATIONAL STANDARD BOOK NUMBER
International Standard Book Number 984-300-001174-1
082 ## - DEWEY DECIMAL CLASSIFICATION NUMBER
Classification number 343.0525492/B248l
100 ## - MAIN ENTRY--PERSONAL NAME
Personal name Baree, M. A.
9 (RLIN) 4091
245 ## - TITLE STATEMENT
Title Law and Practice of Bangladesh Income Tax
Statement of responsibility, etc. M. A. Baree
250 ## - EDITION STATEMENT
Edition statement 3rd
260 ## - PUBLICATION, DISTRIBUTION, ETC. (IMPRINT)
Place of publication, distribution, etc. Dhaka
Name of publisher, distributor, etc. Memory Books
Date of publication, distribution, etc. c2007
300 ## - PHYSICAL DESCRIPTION
Extent [xliv] , 811p . :
Other physical details 21cm.
500 ## - GENERAL NOTE
General note Includes Index
650 ## - SUBJECT ADDED ENTRY--TOPICAL TERM
Topical term or geographic name as entry element Law
9 (RLIN) 4092
650 ## - SUBJECT ADDED ENTRY--TOPICAL TERM
Topical term or geographic name as entry element Law
9 (RLIN) 4092
700 ## - ADDED ENTRY--PERSONAL NAME
Personal name M. A. Baree
9 (RLIN) 4093
856 ## - ELECTRONIC LOCATION AND ACCESS
Password 0
Logon 0
Link text Download
942 ## - ADDED ENTRY ELEMENTS (KOHA)
Source of classification or shelving scheme
Koha item type Books
Holdings
Withdrawn status Lost status Source of classification or shelving scheme Damaged status Not for loan Collection code Permanent location Current location Shelving location Date acquired Inventory number Total Checkouts Full call number Barcode Date last seen Copy number Price effective from Koha item type
        Not For Loan Non-fiction Bangladesh University of Business and Technology Library Bangladesh University of Business and Technology Library Law Stacks 03/23/2021 5479   343.0525492/B248l BUBTL-20035479 03/23/2021 C-1 03/23/2021 Books
          Non-fiction Bangladesh University of Business and Technology Library Bangladesh University of Business and Technology Library Law Stacks 03/23/2021 5480   343.0525492/B248l BUBTL-20035480 03/23/2021 C-2 03/23/2021 Books
          Non-fiction Bangladesh University of Business and Technology Library Bangladesh University of Business and Technology Library Law Stacks 03/23/2021 5481   343.0525492/B248l BUBTL-20035481 03/23/2021 C-3 03/23/2021 Books
        Not For Loan Non-fiction Bangladesh University of Business and Technology Library Bangladesh University of Business and Technology Library Law Stacks 03/23/2021 5482   343.0525492/B248l BUBTL-20035482 03/23/2021 C-4 03/23/2021 Books
          Non-fiction Bangladesh University of Business and Technology Library Bangladesh University of Business and Technology Library Law Stacks 03/23/2021 5483   343.0525492/B248l BUBTL-20035483 03/23/2021 C-5 03/23/2021 Books

More Information About Library

Library Hours

  • Open: 9.00 am. to 9.00 pm.
  • Only Sunday: 9.00 am. to 6.00 pm.
  • Closed: Holiday

Contact to the University

Bangladesh University of Business and Technology Library

  • Mirpurl-2, 1216.
  • Phone:
  • Fax:
  • E-Mail: admin.library@bubt.edu.bd

Contact to the Library

Contact Person:

Md. Abdul Hakim Shah
Joint Librarian
PABX No:  113
Cell No: 01816332931
E-mail: official: admin.library@bubt.edu.bd
Personal: hakim.shah@bubt.edu.bd


BUBT Library

Copyright © 2021